000 01126nmc a2200361 a 4500
003 AR-BaBNM
005 20251128205515.0
008 177119s1993 ||||||||||||||000 | spa||
020 _a84-7112-382-7
040 _cAR-BaBNM
245 1 0 _aLa mujer en el mundo del trabajo
_bperspectivas psicológicas y organizativas
260 _aBarcelona
_bEdiciones Morata
_c1993
300 0 _a254 p.
490 0 _aPsicología. Manuales
500 0 _aIndice de autores: p. 242-248
500 0 _aIndice de materias: p. 249-254
504 _aContiene bibliografía al final de cada capítulo
650 4 _aPSICOLOGIA OCUPACIONAL
650 4 _aORGANIZACIONES FEMENINAS
650 4 _aTRABAJADORAS
650 4 _aIGUALDAD DE DERECHOS DEL HOMBRE Y DE LA MUJER
650 4 _aEMPLEO DE LAS MUJERES
650 4 _aMERCADO DE TRABAJO
650 4 _aEDUCACION DE LA MUJER
650 4 _aPROFESIONES
650 4 _aSOCIOLOGIA OCUPACIONAL
653 0 _aGENERO
700 1 _aFirt-Cozens, Jenny
_ecompilador
700 1 _aWest, Michael A.
_ecompilador
700 1 _aSolana, Guillermo
_etraductor
942 _cBK
998 _csilvi
999 _c11679
_d11679